| 000 | 00515nam a2200193Ia 4500 | ||
|---|---|---|---|
| 999 |
_c7781 _d7781 |
||
| 001 | 6168 | ||
| 003 | PK-LaUMT | ||
| 005 | 20221228143151.0 | ||
| 008 | 140320s9999 xx 000 0 und d | ||
| 020 | _a0-7494-0153-2 | ||
| 040 | _cPK-LaUMT | ||
| 082 |
_a 658.409 _bALL-M |
||
| 100 | _aAllen, Madelyn Burley | ||
| 245 |
_aMemory skills in business : Basic techniques for improvement _cAllen, Madelyn Burley |
||
| 260 |
_aLondon,UK: _bKogan Page, _c1988. |
||
| 300 | _a77 p. | ||
| 546 | _aEN | ||
| 942 |
_cSTK1999 _2ddc |
||